| 000 -LEADER |
| fixed length control field |
01815cam a22003617i 4500 |
| 003 - CONTROL NUMBER IDENTIFIER |
| control field |
OSt |
| 005 - DATE AND TIME OF LATEST TRANSACTION |
| control field |
20240117115425.0 |
| 008 - FIXED-LENGTH DATA ELEMENTS--GENERAL INFORMATION |
| fixed length control field |
230921t20212021gw abcd b 000 0 eng d |
| 010 ## - LIBRARY OF CONGRESS CONTROL NUMBER |
| LC control number |
2022439650 |
| 020 ## - INTERNATIONAL STANDARD BOOK NUMBER |
| International Standard Book Number |
9783836578172 |
| Qualifying information |
(hardbound) |
| 043 ## - GEOGRAPHIC AREA CODE |
| Geographic area code |
e------ |
| 082 04 - DEWEY DECIMAL CLASSIFICATION NUMBER |
| Classification number |
720.473 |
| Edition number |
23 |
| Item number |
MAS |
| 100 1# - MAIN ENTRY--PERSONAL NAME |
| Personal name |
Mastenbroek, Bjarne, |
| Relator term |
author. |
| 245 10 - TITLE STATEMENT |
| Title |
Dig it! : |
| Remainder of title |
building bound to the ground / |
| Statement of responsibility, etc |
Bjarne Mastenbroek, Esther Mecredy, SeARCH, Iwan Baan. |
| 246 30 - VARYING FORM OF TITLE |
| Title proper/short title |
Building bound to the ground |
| 300 ## - PHYSICAL DESCRIPTION |
| Extent |
1390 pages : |
| Other physical details |
illustrations (chiefly color), charts, maps, plans, portraits ; |
| Dimensions |
27 cm |
| 504 ## - BIBLIOGRAPHY, ETC. NOTE |
| Bibliography, etc |
Includes bibliographical references (pages 1383-1387). |
| 505 0# - FORMATTED CONTENTS NOTE |
| Formatted contents note |
Nature's lack of design : Introduction ; Timeline ; From cave to canopy ; The ritualization of life ; Domesticating nature ; From shelter to shed ; From compound to community ; Establishing order ; Middle-Age fortifications ; The age of gunpowder ; From public space to private icon ; The city in the garden ; 1964: a pivotal moment ; From dichotomy to holism ; Constructing nature -- Building bound to the ground : Atlas of case studies ; Index of case studies ; Bury ; Embed ; Absorb ; Spiral ; Carve ; Mimic. |
| 650 #0 - SUBJECT ADDED ENTRY--TOPICAL TERM |
| Topical term or geographic name as entry element |
Underground architecture. |
| 650 #0 - SUBJECT ADDED ENTRY--TOPICAL TERM |
| Topical term or geographic name as entry element |
Architecture |
| General subdivision |
Environmental aspects. |
| 650 #0 - SUBJECT ADDED ENTRY--TOPICAL TERM |
| Topical term or geographic name as entry element |
Sustainable architecture |
| Geographic subdivision |
Europe. |
| 650 #6 - SUBJECT ADDED ENTRY--TOPICAL TERM |
| Topical term or geographic name as entry element |
Architecture souterraine. |
| 650 #6 - SUBJECT ADDED ENTRY--TOPICAL TERM |
| Topical term or geographic name as entry element |
Architecture |
| General subdivision |
Aspect de l'environnement. |
| 650 #6 - SUBJECT ADDED ENTRY--TOPICAL TERM |
| Topical term or geographic name as entry element |
Architecture durable |
| Geographic subdivision |
Europe. |
| 650 #7 - SUBJECT ADDED ENTRY--TOPICAL TERM |
| Topical term or geographic name as entry element |
Architecture |
| General subdivision |
Environmental aspects |
| Source of heading or term |
fast |
| 650 #7 - SUBJECT ADDED ENTRY--TOPICAL TERM |
| Topical term or geographic name as entry element |
Sustainable architecture |
| Source of heading or term |
fast |
| 650 #7 - SUBJECT ADDED ENTRY--TOPICAL TERM |
| Topical term or geographic name as entry element |
Underground architecture |
| Source of heading or term |
fast |
| 651 #7 - SUBJECT ADDED ENTRY--GEOGRAPHIC NAME |
| Geographic name |
Europe |
| Source of heading or term |
fast |
| 700 1# - ADDED ENTRY--PERSONAL NAME |
| Personal name |
Mecredy, Esther, |
| Relator term |
author. |
| 700 1# - ADDED ENTRY--PERSONAL NAME |
| Personal name |
Baan, Iwan, |
| Dates associated with a name |
1975- |
| Relator term |
photographer. |
| 710 2# - ADDED ENTRY--CORPORATE NAME |
| Corporate name or jurisdiction name as entry element |
SeARCH (Firm), |
| Relator term |
contributor. |
| 942 ## - ADDED ENTRY ELEMENTS (KOHA) |
| Source of classification or shelving scheme |
|